Największe nadbałtyckie miasta - Statystyki

Ogólne statystyki
  • Ten quiz został rozwiązany 75 razy
  • Średni wynik to 11 z 20
Statystyki odpowiedzi
LP Liczba ludności Miasto % Poprawnych
7. 486.900 Gdańsk
98%
12. 242.100 Gdynia
98%
3. 664.000 Helsinki
88%
2. 1.617.400 Sztokholm
82%
4. 653.700 Kopenhaga
80%
5. 605.800 Ryga
80%
8. 459.300 Tallinn
80%
1. 5.384.300 Sankt Petersburg
68%
9. 325.100 Malmö
67%
6. 493.300 Kaliningrad
65%
17. 172.300 Kłajpeda
61%
15. 208.900 Rostock
47%
16. 197.900 Turku
45%
11. 246.200 Kilonia
30%
13. 216.500 Lubeka
29%
14. 211.800 Oulu
20%
10. 305.300 Espoo
18%
18. 90.000 Flensburg
9%
20. 83.200 Pori
3%
19. 88.200 Umeå
3%
Nie znaleziono quizów pasujących do podanych kryteriów
Rozkład punktacji
Procent ludzi z każdym wynikiem
Percentyl według liczby udzielonych odpowiedzi
Twoja historia wyników
Nie rozwiązałeś tego quizu